| 000 | 00636nam a22002297a 4500 | ||
|---|---|---|---|
| 005 | 20170124110144.0 | ||
| 010 | _a592647 | ||
| 020 | _c00.00 | ||
| 035 | _a592647 | ||
| 037 | _bCen Lib/Ret | ||
| 040 |
_aDPL _bEN |
||
| 082 |
_a660 _bGYN |
||
| 100 |
_aGyngell, Eric S. _933111 |
||
| 245 |
_aApplied chemistry for engineers / _cby Eric S.Gyngell |
||
| 250 | _a3rd ed | ||
| 260 |
_bEdward Arnold Publishers _aLondon _c1960 |
||
| 300 |
_aviii,359p. : _c20cm(Hb) _bill. |
||
| 500 | _aIncludes index | ||
| 650 |
_aChemistry, Technical _933112 |
||
| 650 |
_aChimie industrielle _933113 |
||
| 942 |
_2ddc _cEN _h660 _mGYN |
||
| 999 |
_c131886 _d131886 |
||